| 000 | 00344nam a2200145Ia 4500 | ||
|---|---|---|---|
| 008 | 210210b1962 xxu||||| |||| 00| 0 eng d | ||
| 082 | _a530 MUKC | ||
| 100 | _aMUKHERJEE (J C). | ||
| 245 | _aCollege physics. Part II | ||
| 260 |
_aCalcutta _bAMC _c1962 |
||
| 300 | _avi,228 | ||
| 650 | _aCollege physics | ||
| 690 | _aPhysics | ||
| 906 | _a039580 | ||
| 999 |
_c89727 _d89727 |
||